[Event "Novi Sad TS GM/IM Mix 189th"]
[Site "Novi Sad"]
[Date "2024.03.04"]
[Round "7"]
[White "Remecki, Sinisa"]
[Black "Drazic, Sinisa"]
[Result "1/2-1/2"]
[WhiteElo "2235"]
[BlackElo "2276"]
[PlyCount "28"]
[EventDate "2024.02.29"]
[EventType "swiss"]
[EventRounds "9"]
[EventCountry "SRB"]
[SourceTitle "CB12_2024"]
[SourceDate "2023.10.01"]
[SourceVersion "1"]
[SourceVersionDate "2023.10.01"]
[SourceQuality "1"]

1. d4 d5 2. Nf3 c6 3. Nc3 Nf6 4. Bf4 Bf5 5. Nh4 Bc8 6. Nf3 Bg4 7. Ne5 Bf5 8. e3 e6 9. g4 Bg6 10. Bd3 Bxd3 11. Qxd3 Nbd7 12. h3 Nxe5 13. Bxe5 Bd6 14. f4 0-0 1/2-1/2

[Event "Novi Sad TS GM/IM Mix 189th"]
[Site "Novi Sad"]
[Date "2024.03.02"]
[Round "4"]
[White "Mesic, Ismet"]
[Black "Remecki, Sinisa"]
[Result "0-1"]
[WhiteElo "2232"]
[BlackElo "2235"]
[PlyCount "62"]
[EventDate "2024.02.29"]
[EventType "swiss"]
[EventRounds "9"]
[EventCountry "SRB"]
[SourceTitle "CB12_2024"]
[SourceDate "2023.10.01"]
[SourceVersion "1"]
[SourceVersionDate "2023.10.01"]
[SourceQuality "1"]

1. d4 d5 2. c4 c5 3. cxd5 e6 4. dxe6 Bxe6 5. e3 cxd4 6. exd4 Nc6 7. Be3 Nge7 8. Nc3 Nd5 9. Nge2 g6 10. Nxd5 Bxd5 11. Nc3 Bg7 12. Be2 Bxg2 13. Rg1 Bh3 14. d5 Ne7 15. Rg3 Bd7 16. Bg5 h6 17. Bxe7 Kxe7 18. Qb3 Kf8 19. Qxb7 Kg8 20. 0-0-0 Be5 21. Rf3 Kg7 22. Bb5 Qg5+ 23. Kc2 Bf5+ 24. Bd3 Rab8 25. Qa6 Bg4 26. Rg1 Rxb2+ 27. Kxb2 Qd2+ 28. Bc2 Rb8+ 29. Ka3 Bxf3 30. Rxg6+ Kf8 31. Bb3 Qxc3 0-1

[Event "Novi Sad TS GM Mix 246"]
[Site "Novi Sad"]
[Date "2022.04.19"]
[Round "3"]
[White "Nitish, Belurkar"]
[Black "Remecki, Sinisa"]
[Result "1/2-1/2"]
[WhiteElo "2449"]
[BlackElo "2333"]
[PlyCount "60"]
[EventDate "2022.04.18"]
[EventType "tourn"]
[EventRounds "11"]
[EventCountry "SRB"]
[EventCategory "5"]
[SourceTitle "CBM 208 Extra"]
[Source "ChessBase"]
[SourceDate "2022.07.31"]
[SourceVersion "1"]
[SourceVersionDate "2022.07.31"]
[SourceQuality "1"]

1. e4 c5 2. Nf3 e6 3. d4 cxd4 4. Nxd4 a6 5. Nc3 Qc7 6. Qf3 Nf6 7. Qg3 d6 8. Be3 b5 9. a3 Nbd7 10. Bd3 Bb7 11. 0-0 h5 12. f3 h4 13. Qf2 Be7 14. h3 d5 15. exd5 Nxd5 16. Nxd5 Bxd5 17. c3 0-0 18. Rad1 Ne5 19. Bb1 Nc4 20. Qc2 g6 21. Bf2 Rfd8 22. Qc1 Rac8 23. Nc2 Bb7 24. Nd4 Bd5 25. Kh1 Rd7 26. Nc2 Rcd8 27. Nb4 Bb7 28. Rxd7 Rxd7 29. Nd3 Ne5 30. Nxe5 Qxe5 1/2-1/2

[Event "Sremski Karlovci Zanos 5"]
[Site "Sremski Karlovci"]
[Date "2021.08.19"]
[Round "3.3"]
[White "Drazic, Sinisa"]
[Black "Remecki, Sinisa"]
[Result "1/2-1/2"]
[WhiteElo "2362"]
[BlackElo "2290"]
[PlyCount "32"]
[EventDate "2021.08.18"]
[EventType "tourn"]
[EventRounds "10"]
[EventCountry "SRB"]
[EventCategory "1"]
[SourceTitle "EXT 2023"]
[Source "ChessBase"]
[SourceDate "2022.10.05"]
[SourceVersion "1"]
[SourceVersionDate "2022.10.05"]
[SourceQuality "1"]

1. d4 Nf6 2. c4 c5 3. d5 b5 4. Nf3 bxc4 5. Nc3 g6 6. e4 d6 7. Nd2 Bg7 8. Nxc4 0-0 9. Be2 Nbd7 10. 0-0 a5 11. a4 Ba6 12. Na3 Bxe2 13. Qxe2 Ne8 14. Bg5 Nc7 15. Kh1 Na6 16. Nab5 Nb4 1/2-1/2

[Event "Sremski Karlovci Zanos 5"]
[Site "Sremski Karlovci"]
[Date "2021.08.19"]
[Round "4.3"]
[White "Remecki, Sinisa"]
[Black "Drazic, Sinisa"]
[Result "1/2-1/2"]
[WhiteElo "2290"]
[BlackElo "2362"]
[PlyCount "29"]
[EventDate "2021.08.18"]
[EventType "tourn"]
[EventRounds "10"]
[EventCountry "SRB"]
[EventCategory "1"]
[SourceTitle "EXT 2023"]
[Source "ChessBase"]
[SourceDate "2022.10.05"]
[SourceVersion "1"]
[SourceVersionDate "2022.10.05"]
[SourceQuality "1"]

1. d4 Nf6 2. Nc3 c6 3. Bg5 d5 4. Qd2 Bf5 5. e3 Nbd7 6. Bd3 Bxd3 7. cxd3 e6 8. Nf3 Be7 9. 0-0 0-0 10. Ne5 Nxe5 11. dxe5 Nd7 12. Bxe7 Qxe7 13. d4 f6 14. exf6 Nxf6 15. Rae1 1/2-1/2

[Event "Sremski Karlovci Zanos 5"]
[Site "Sremski Karlovci"]
[Date "2021.08.18"]
[Round "2.2"]
[White "Bulajic, Ratko"]
[Black "Remecki, Sinisa"]
[Result "1/2-1/2"]
[WhiteElo "2248"]
[BlackElo "2290"]
[PlyCount "27"]
[EventDate "2021.08.18"]
[EventType "tourn"]
[EventRounds "10"]
[EventCountry "SRB"]
[EventCategory "1"]
[SourceTitle "EXT 2023"]
[Source "ChessBase"]
[SourceDate "2022.10.05"]
[SourceVersion "1"]
[SourceVersionDate "2022.10.05"]
[SourceQuality "1"]

1. d4 Nf6 2. c4 c5 3. d5 b5 4. e3 Bb7 5. Nc3 b4 6. Na4 d6 7. Bd3 g6 8. Nf3 Bg7 9. 0-0 0-0 10. a3 Nbd7 11. e4 a5 12. h3 Ne8 13. Bf4 Nb6 14. Rb1 1/2-1/2

[Event "Sremski Karlovci Zanos 5"]
[Site "Sremski Karlovci"]
[Date "2021.08.18"]
[Round "1.2"]
[White "Remecki, Sinisa"]
[Black "Bulajic, Ratko"]
[Result "1-0"]
[WhiteElo "2290"]
[BlackElo "2248"]
[PlyCount "27"]
[EventDate "2021.08.18"]
[EventType "tourn"]
[EventRounds "10"]
[EventCountry "SRB"]
[EventCategory "1"]
[SourceTitle "EXT 2023"]
[Source "ChessBase"]
[SourceDate "2022.10.05"]
[SourceVersion "1"]
[SourceVersionDate "2022.10.05"]
[SourceQuality "1"]

1. d4 Nf6 2. Nc3 d5 3. Bg5 Nbd7 4. Qd3 c6 5. 0-0-0 Qc7 6. e4 dxe4 7. Nxe4 e6 8. Nf3 Be7 9. Kb1 Nxe4 10. Qxe4 Bxg5 11. Nxg5 c5 12. Bb5 Kf8 13. Qxe6 Nf6 14. Qe5 1-0

[Event "Novi Sad TS07 Mix"]
[Site "Novi Sad"]
[Date "2021.07.20"]
[Round "3"]
[White "Sharan, Rao"]
[Black "Remecki, Sinisa"]
[Result "0-1"]
[WhiteElo "2033"]
[BlackElo "2285"]
[PlyCount "83"]
[EventDate "2021.07.18"]
[EventType "swiss"]
[EventRounds "9"]
[EventCountry "SRB"]
[SourceTitle "CBM 203 Extra"]
[Source "ChessBase"]
[SourceDate "2021.09.30"]
[SourceVersion "1"]
[SourceVersionDate "2021.09.30"]
[SourceQuality "1"]

1. Nf3 g6 2. b3 Bg7 3. d4 c5 4. Bb2 Nc6 5. e3 d5 6. Be2 cxd4 7. Nxd4 Nxd4 8. exd4 Nf6 9. 0-0 0-0 10. c4 Bf5 11. Nd2 Rc8 12. c5 b6 13. b4 Nd7 14. Ba6 Rc7 15. Qb3 e5 16. cxb6 Rc2 17. Rfd1 Qxb6 18. Bf1 exd4 19. g4 Rxb2 20. Qxb2 Bxg4 21. Re1 d3 22. Qb3 Bxa1 23. Rxa1 Qf6 24. Re1 Qg5 25. f4 Qxf4 26. Qxd3 Qxb4 27. Qxd5 Nf6 28. Qg5 Qd4+ 29. Qe3 Qa4 30. Qb3 Qa5 31. Ne4 Nxe4 32. Rxe4 Be6 33. Qa4 Qg5+ 34. Kf2 a5 35. h4 Qc5+ 36. Qd4 Qc2+ 37. Re2 Qf5+ 38. Kg1 Rc8 39. Bg2 Rc1+ 40. Kh2 Rc4 41. Qd8+ Kg7 42. Kg1 0-1

[Event "Vojvodina-chT 2nd League"]
[Site "Backa Palanka"]
[Date "2020.10.22"]
[Round "10.3"]
[White "Simonyi, Zoltan"]
[Black "Remecki, Sinisa"]
[Result "0-1"]
[WhiteElo "2149"]
[BlackElo "2214"]
[PlyCount "60"]
[EventDate "2020.10.16"]
[EventType "team-tourn"]
[EventRounds "11"]
[EventCountry "SRB"]
[SourceTitle "EXT 2022"]
[Source "ChessBase"]
[SourceDate "2021.10.06"]
[SourceVersion "1"]
[SourceVersionDate "2021.10.06"]
[SourceQuality "1"]
[WhiteTeam "Senta"]
[BlackTeam "Petrovaradin Kraljica"]
[WhiteTeamCountry "SRB"]
[BlackTeamCountry "SRB"]

1. Nf3 Nf6 2. c4 c5 3. Nc3 Nc6 4. g3 d5 5. cxd5 Nxd5 6. Bg2 e6 7. 0-0 Be7 8. Nxd5 Qxd5 9. d3 0-0 10. Be3 Qd8 11. Qd2 Bd7 12. Rac1 Qb6 13. Rc4 Qa6 14. b3 b6 15. Bg5 f6 16. Be3 e5 17. Qb2 Rad8 18. Nd2 Qc8 19. a3 Be6 20. Rc2 Qd7 21. Rb1 Bd5 22. Qc3 Nd4 23. Bxd4 Bxg2 24. Bxc5 Rc8 25. Kxg2 Rxc5 26. Nc4 b5 27. Qb2 bxc4 28. Rxc4 Rb8 29. Qc1 Qc6+ 30. Kg1 Rc8 0-1

[Event "Vojvodina-chT 2nd League"]
[Site "Backa Palanka"]
[Date "2020.10.19"]
[Round "5.4"]
[White "Remecki, Sinisa"]
[Black "Krejic, Igor"]
[Result "1-0"]
[WhiteElo "2214"]
[BlackElo "2209"]
[PlyCount "75"]
[EventDate "2020.10.16"]
[EventType "team-tourn"]
[EventRounds "11"]
[EventCountry "SRB"]
[SourceTitle "EXT 2022"]
[Source "ChessBase"]
[SourceDate "2021.10.06"]
[SourceVersion "1"]
[SourceVersionDate "2021.10.06"]
[SourceQuality "1"]
[WhiteTeam "Petrovaradin Kraljica"]
[BlackTeam "Mladenovo"]
[WhiteTeamCountry "SRB"]
[BlackTeamCountry "SRB"]

1. e4 e5 2. Nf3 Nf6 3. Nxe5 d6 4. Nf3 Nxe4 5. Nc3 Nf6 6. d4 Be7 7. Bd3 0-0 8. 0-0 Bg4 9. h3 Bh5 10. g4 Bg6 11. g5 Nh5 12. Be2 Qd7 13. Ne1 Ng3 14. fxg3 Qxh3 15. Bf4 Bxg5 16. Bg4 Qh6 17. Qd2 Bxf4 18. Qxf4 Qxf4 19. gxf4 f5 20. Bf3 c6 21. d5 Be8 22. dxc6 Nxc6 23. Rd1 Rd8 24. Nb5 Rf6 25. Nd4 h6 26. Bd5+ Kh7 27. Nef3 Ne7 28. Bb3 Rg6+ 29. Kf2 Rg4 30. Ne6 Rc8 31. Nh2 Rh4 32. Kg3 Rh5 33. Rfe1 Ng6 34. Rxd6 Bc6 35. Rd8 Rxd8 36. Nxd8 Be4 37. Ne6 b6 38. Bc4 1-0

[Event "Novi Sad TS IM 126th"]
[Site "Novi Sad"]
[Date "2020.02.02"]
[Round "2"]
[White "Remecki, Sinisa"]
[Black "Sahil, Tickoo"]
[Result "1/2-1/2"]
[WhiteElo "2232"]
[BlackElo "2275"]
[PlyCount "79"]
[EventDate "2020.02.01"]
[EventType "tourn"]
[EventRounds "9"]
[EventCountry "SRB"]
[SourceTitle "CBM 194 Extra"]
[Source "ChessBase"]
[SourceDate "2020.03.31"]
[SourceVersion "1"]
[SourceVersionDate "2020.03.31"]
[SourceQuality "1"]

1. Nf3 d5 2. e3 Nf6 3. c4 e6 4. Nc3 Bd6 5. b3 0-0 6. Bb2 b6 7. Rc1 c5 8. cxd5 exd5 9. Be2 Bb7 10. d4 Nbd7 11. 0-0 a6 12. Qc2 Rc8 13. Rfd1 Re8 14. dxc5 bxc5 15. Qb1 Qe7 16. Qf5 Qe6 17. Qxe6 fxe6 18. Na4 Kf7 19. Ba3 Ke7 20. Rc2 Rc6 21. Rdc1 Rec8 22. Bd3 g6 23. Nd2 R6c7 24. f3 Ne5 25. Be2 Nfd7 26. e4 g5 27. g3 Nc6 28. Re1 Nd4 29. Rcc1 Nxe2+ 30. Rxe2 d4 31. Nc4 e5 32. Rec2 Ke6 33. g4 Be7 34. Ncb6 Nxb6 35. Nxb6 Re8 36. Na4 Rec8 37. Nxc5+ Kf7 38. b4 Bxc5 39. bxc5 Bc6 40. Rb2 1/2-1/2

[Event "Vojvodina-chT 2nd League"]
[Site "Novi Sad"]
[Date "2018.11.11"]
[Round "4.1"]
[White "Sukovic, Srdjan"]
[Black "Remecki, Sinisa"]
[Result "0-1"]
[WhiteElo "2015"]
[BlackElo "2257"]
[PlyCount "76"]
[EventDate "2018.11.09"]
[EventType "team-tourn"]
[EventRounds "11"]
[EventCountry "SRB"]
[SourceTitle "CBM 187 Extra"]
[Source "ChessBase"]
[SourceDate "2018.11.04"]
[SourceVersion "1"]
[SourceVersionDate "2018.11.04"]
[SourceQuality "1"]
[WhiteTeam "Srpska Crnja Buducnost"]
[BlackTeam "Novi Sad Kraljica PTT"]
[WhiteTeamCountry "SRB"]
[BlackTeamCountry "SRB"]

1. e4 c5 2. Nf3 Nc6 3. Bb5 Qb6 4. Nc3 e6 5. 0-0 a6 6. Bc4 d6 7. Re1 Nf6 8. h3 Be7 9. a4 0-0 10. d3 Rd8 11. Bg5 h6 12. Bd2 d5 13. exd5 exd5 14. Bb3 Be6 15. Ne2 Qc7 16. c3 Bf5 17. Bf4 Bd6 18. Bxd6 Qxd6 19. Ng3 Bh7 20. d4 c4 21. Bc2 Bxc2 22. Qxc2 Re8 23. Nf5 Qf4 24. N3h4 b5 25. axb5 axb5 26. Rxa8 Rxa8 27. g3 Qc7 28. Nf3 b4 29. Ne5 Re8 30. f4 bxc3 31. bxc3 Nxe5 32. fxe5 Ne4 33. Rxe4 dxe4 34. Qxe4 Qa5 35. Qc2 Rb8 36. Kf2 Qa1 37. Kf3 Rb2 38. Qe4 Qd1+ 0-1